000 00770nam a2200229 a 4500
001 50258
003 BD-RjUL
005 20211209075500.0
008 160824s1963 njua 001 0 eng
035 _a(BD-RjUL)50378
040 _aDLC
_cOCoD
_dOCoLC
_dBD-RjUL
_beng
041 _aeng
082 _a613.7
_223
_bCLD 1963
100 1 _aClarke, H. Harrison
_q(Henry Harrison),
_d1902-
_9150612
245 1 0 _aDevelopmental and adapted physical education
_cH. Harrison Clarke and David H. Clarke
260 _aEnglewood Cliffs, N.J. :
_bPrentice-Hall,
_cc1963
300 _a364 p. :
_bill. ;
_c24 cm.
500 _aIncludes index.
650 0 _aPhysical education for people with disabilities.
_9150629
700 1 _aClarke, David H.
_ejoint author.
_9150630
942 _2ddc
_cBK
999 _c50258
_d50258